Türkiye İlçeler - 2 - Statistics

General Stats
  • This quiz has been taken 27 times
  • The average score is 80 of 973
Answers on the Map
Answers color-coded by a green-red scale on the quiz's map according to % correct below.
 
Answer Stats
Answer % Correct
19 Mayis
71%
Abana
35%
Acipayam
24%
Adalar
24%
Acigöl
18%
Adakli
18%
Kartal
18%
Manyas
18%
Marmara Ereğli̇si̇
18%
Pendi̇k
18%
Pursaklar
18%
Şi̇le
18%
Si̇li̇vri̇
18%
Adapazari
12%
Adiyaman
12%
Arnavutköy
12%
Beykoz
12%
Büyükçekmece
12%
Çatalca
12%
Çorlu
12%
Geli̇bolu
12%
İskenderun
12%
İski̇li̇p
12%
İslahi̇ye
12%
Isparta
12%
İspi̇r
12%
İvri̇ndi̇
12%
İyi̇dere
12%
İzmi̇t
12%
İzni̇k
12%
Kabadüz
12%
Kabataş
12%
Kadiköy
12%
Kadinhani
12%
Kadi̇rli̇
12%
Kadişehri̇
12%
Kağithane
12%
Kağizman
12%
Kahramankazan
12%
Kâhta
12%
Kale
12%
Kale
12%
Kaleci̇k
12%
Kalkandere
12%
Kaman
12%
Kandira
12%
Kangal
12%
Kapakli
12%
Karabağlar
12%
Karabük
12%
Karaburun
12%
Karacabey
12%
Karacasu
12%
Karaçoban
12%
Karahalli
12%
Karai̇sali
12%
Karakeçi̇li̇
12%
Karakoçan
12%
Karaköprü
12%
Karakoyunlu
12%
Karaman
12%
Karamanli
12%
Karamürsel
12%
Karapinar
12%
Karapürçek
12%
Karasu
12%
Karataş
12%
Karatay
12%
Karayazi
12%
Karesi̇
12%
Kargi
12%
Karkamiş
12%
Karliova
12%
Karpuzlu
12%
Kars
12%
Karşiyaka
12%
Kartepe
12%
Kaş
12%
Kastamonu
12%
Kavak
12%
Kavaklidere
12%
Kayapinar
12%
Kaynarca
12%
Kaynaşli
12%
Kazimkarabeki̇r
12%
Keban
12%
Keçi̇borlu
12%
Keçi̇ören
12%
Keles
12%
Kelki̇t
12%
Kemah
12%
Kemali̇ye
12%
Kemalpaşa
12%
Kemalpaşa
12%
Kemer
12%
Kemer
12%
Kepez
12%
Kepsut
12%
Keşan
12%
Keşap
12%
Keski̇n
12%
Kestel
12%
Kibriscik
12%
Ki̇ği
12%
Ki̇li̇mli̇
12%
Kilis
12%
Kinik
12%
Ki̇raz
12%
Kirikhan
12%
Kirikkale
12%
Kirkağaç
12%
Kirklareli
12%
Kirşehir
12%
Kizilcahamam
12%
Kizilirmak
12%
Kizilören
12%
Kiziltepe
12%
Kocaali̇
12%
Kocaköy
12%
Koçarli
12%
Kocasi̇nan
12%
Kofçaz
12%
Konak
12%
Konyaalti
12%
Köprübaşi
12%
Köprübaşi
12%
Köprüköy
12%
Körfez
12%
Korgan
12%
Korgun
12%
Korkut
12%
Korkuteli̇
12%
Köse
12%
Köşk
12%
Kovancilar
12%
Köyceği̇z
12%
Koyulhi̇sar
12%
Kozakli
12%
Kozan
12%
Kozlu
12%
Kozluk
12%
Küçükçekmece
12%
Kula
12%
Kulp
12%
Kulu
12%
Kuluncak
12%
Kumlu
12%
Kumluca
12%
Kumru
12%
Küre
12%
Kurşunlu
12%
Kurtalan
12%
Kürtün
12%
Kurucaşi̇le
12%
Kuşadasi
12%
Kütahya
12%
Kuyucak
12%
Lâçi̇n
12%
Ladi̇k
12%
Lalapaşa
12%
Lâpseki̇
12%
Li̇ce
12%
Lüleburgaz
12%
Maçka
12%
Maden
12%
Mahmudi̇ye
12%
Malazgi̇rt
12%
Malkara
12%
Maltepe
12%
Mamak
12%
Manavgat
12%
Marmara
12%
Marmari̇s
12%
Mazgi̇rt
12%
Mazidaği
12%
Meci̇tözü
12%
Meli̇kgazi̇
12%
Menderes
12%
Menemen
12%
Mengen
12%
Menteşe
12%
Meram
12%
Meri̇ç
12%
Merkezefendi̇
12%
Merzi̇fon
12%
Mesudi̇ye
12%
Mezi̇tli̇
12%
Mi̇dyat
12%
Mi̇halgazi̇
12%
Mi̇haliççik
12%
Mi̇las
12%
Mucur
12%
Mudanya
12%
Mudurnu
12%
Muradi̇ye
12%
Muratli
12%
Muratpaşa
12%
Murgul
12%
Muş
12%
Musabeyli̇
12%
Mustafakemalpaşa
12%
Mut
12%
Mutki̇
12%
Nallihan
12%
Narlidere
12%
Narman
12%
Nazi̇lli̇
12%
Nazimi̇ye
12%
Nevşehir
12%
Niğde
12%
Ni̇ksar
12%
Ni̇lüfer
12%
Ni̇zi̇p
12%
Nurdaği
12%
Nurhak
12%
Nusaybi̇n
12%
Ödemi̇ş
12%
Odunpazari
12%
Of
12%
Oğuzeli̇
12%
Oğuzlar
12%
Oltu
12%
Olur
12%
Ömerli̇
12%
Oni̇ki̇ Şubat
12%
Orhaneli̇
12%
Orhangazi̇
12%
Orta
12%
Ortaca
12%
Ortahi̇sar
12%
Ortaköy
12%
Ortaköy
12%
Osmancik
12%
Osmaneli̇
12%
Osmangazi̇
12%
Osmaniye
12%
Otlukbeli̇
12%
Ovacik
12%
Ovacik
12%
Özalp
12%
Özvatan
12%
Palandöken
12%
Palu
12%
Pamukkale
12%
Pamukova
12%
Pasi̇nler
12%
Patnos
12%
Payas
12%
Pazar
12%
Pazar
12%
Pazarcik
12%
Pazarlar
12%
Pazaryeri̇
12%
Pazaryolu
12%
Pehli̇vanköy
12%
Perşembe
12%
Pertek
12%
Pervari̇
12%
Pinarbaşi
12%
Pinarbaşi
12%
Pinarhi̇sar
12%
Pi̇razi̇z
12%
Polateli̇
12%
Polatli
12%
Posof
12%
Pozanti
12%
Pülümür
12%
Pütürge
12%
Refahi̇ye
12%
Reşadi̇ye
12%
Reyhanli
12%
Rize
12%
Şabanözü
12%
Safranbolu
12%
Şahi̇nbey
12%
Sai̇mbeyli̇
12%
Sali̇hli̇
12%
Salipazari
12%
Şalpazari
12%
Samandağ
12%
Samsat
12%
Sancaktepe
12%
Sandikli
12%
Sapanca
12%
Şaphane
12%
Saray
12%
Saray
12%
Saraydüzü
12%
Saraykent
12%
Sarayköy
12%
Sarayönü
12%
Saricakaya
12%
Sariçam
12%
Sarigöl
12%
Sarikamiş
12%
Sarikaya
12%
Sarioğlan
12%
Sariveli̇ler
12%
Sariyahşi̇
12%
Sariyer
12%
Sariz
12%
Şarki̇karaağaç
12%
Sarkişla
12%
Şarköy
12%
Saruhanli
12%
Sason
12%
Savaştepe
12%
Şavşat
12%
Savur
12%
Seben
12%
Şebi̇nkarahi̇sar
12%
Şefaatli̇
12%
Seferi̇hi̇sar
12%
Şehi̇tkami̇l
12%
Şehzadeler
12%
Selçuk
12%
Selçuklu
12%
Selendi̇
12%
Seli̇m
12%
Şemdi̇nli̇
12%
Seni̇rkent
12%
Şenkaya
12%
Şenpazar
12%
Serdi̇van
12%
Şerefli̇koçhi̇sar
12%
Seri̇k
12%
Seri̇nhi̇sar
12%
Seydi̇kemer
12%
Seydi̇ler
12%
Seydi̇şehi̇r
12%
Seyhan
12%
Seyi̇tgazi̇
12%
Siirt
12%
Si̇li̇fke
12%
Si̇lopi̇
12%
Si̇lvan
12%
Si̇mav
12%
Si̇nanpaşa
12%
Si̇ncan
12%
Si̇nci̇k
12%
Sindirgi
12%
Sinop
12%
Şi̇ran
12%
Şirnak
12%
Şi̇rvan
12%
Şi̇şli̇
12%
Sivas
12%
Si̇vasli
12%
Si̇verek
12%
Si̇vri̇ce
12%
Si̇vri̇hi̇sar
12%
Süleymanpaşa
12%
Sultanbeyli̇
12%
Adi̇lcevaz
6%
Afşi̇n
6%
Afyonkarahisar
6%
Ağaçören
6%
Ağin
6%
Ağlasun
6%
Ağli
6%
Ağri
6%
Ahirli
6%
Ahlat
6%
Ahmetli̇
6%
Akçaabat
6%
Akçadağ
6%
Akçakale
6%
Akçakent
6%
Akçakoca
6%
Akdağmadeni̇
6%
Akdeni̇z
6%
Akhi̇sar
6%
Akincilar
6%
Akkişla
6%
Akkuş
6%
Akören
6%
Akpinar
6%
Aksaray
6%
Akşehi̇r
6%
Akseki̇
6%
Aksu
6%
Aksu
6%
Akyaka
6%
Akyazi
6%
Akyurt
6%
Alaca
6%
Alacakaya
6%
Alaçam
6%
Aladağ
6%
Alanya
6%
Alapli
6%
Alaşehi̇r
6%
Ali̇ağa
6%
Almus
6%
Alpu
6%
Altieylül
6%
Altindağ
6%
Altineki̇n
6%
Altinordu
6%
Altinova
6%
Altinözü
6%
Altintaş
6%
Altinyayla
6%
Altinyayla
6%
Altunhi̇sar
6%
Alucra
6%
Amasra
6%
Amasya
6%
Anamur
6%
Andirin
6%
Antakya
6%
Araban
6%
Araç
6%
Arakli
6%
Aralik
6%
Arapgi̇r
6%
Ardahan
6%
Ardanuç
6%
Ardeşen
6%
Arguvan
6%
Arhavi̇
6%
Aricak
6%
Ari̇fi̇ye
6%
Armutlu
6%
Arpaçay
6%
Arsi̇n
6%
Arsuz
6%
Artova
6%
Artuklu
6%
Artvin
6%
Asarcik
6%
Aşkale
6%
Aslanapa
6%
Atabey
6%
Atakum
6%
Ataşehi̇r
6%
Atkaracalar
6%
Avanos
6%
Avcilar
6%
Ayancik
6%
Ayaş
6%
Aybasti
6%
Aydincik
6%
Aydincik
6%
Aydintepe
6%
Ayranci
6%
Ayvacik
6%
Ayvacik
6%
Ayvalik
6%
Azdavay
6%
Azi̇zi̇ye
6%
Babadağ
6%
Babaeski̇
6%
Bafra
6%
Bağcilar
6%
Bağlar
6%
Bahçe
6%
Bahçeli̇evler
6%
Bahçesaray
6%
Bahşi̇li̇
6%
Bakirköy
6%
Baklan
6%
Bala
6%
Balçova
6%
Balişeyh
6%
Balya
6%
Banaz
6%
Bandirma
6%
Bartin
6%
Başakşehi̇r
6%
Başçi̇ftli̇k
6%
Başi̇skele
6%
Başkale
6%
Baski̇l
6%
Başmakçi
6%
Başyayla
6%
Batman
6%
Battalgazi̇
6%
Bayat
6%
Bayat
6%
Bayburt
6%
Bayindir
6%
Baykan
6%
Bayrakli
6%
Bayrami̇ç
6%
Bayramören
6%
Bayrampaşa
6%
Beki̇lli̇
6%
Belen
6%
Bergama
6%
Beşi̇kdüzü
6%
Beşi̇ktaş
6%
Beşi̇ri̇
6%
Besni̇
6%
Beyağaç
6%
Beydağ
6%
Beyli̇kdüzü
6%
Beyli̇kova
6%
Beyoğlu
6%
Beypazari
6%
Beyşehi̇r
6%
Beytüşşebap
6%
Bi̇ga
6%
Bi̇gadi̇ç
6%
Bilecik
6%
Bingöl
6%
Bi̇reci̇k
6%
Bi̇smi̇l
6%
Bitlis
6%
Bodrum
6%
Boğazkale
6%
Boğazliyan
6%
Bolu
6%
Bolvadi̇n
6%
Bor
6%
Borçka
6%
Bornova
6%
Boyabat
6%
Bozcaada
6%
Bozdoğan
6%
Bozkir
6%
Bozkurt
6%
Bozkurt
6%
Bozova
6%
Boztepe
6%
Bozüyük
6%
Bozyazi
6%
Buca
6%
Bucak
6%
Buharkent
6%
Bulancak
6%
Bulanik
6%
Buldan
6%
Bünyan
6%
Burdur
6%
Burhani̇ye
6%
Büyükorhan
6%
Çağlayanceri̇t
6%
Çal
6%
Çaldiran
6%
Çamardi
6%
Çamaş
6%
Çameli̇
6%
Çamlidere
6%
Çamlihemşi̇n
6%
Çamliyayla
6%
Çamoluk
6%
Çan
6%
Çanakçi
6%
Çanakkale
6%
Çandir
6%
Cani̇k
6%
Çankaya
6%
Çankiri
6%
Çardak
6%
Çarşamba
6%
Çarşibaşi
6%
Çat
6%
Çatak
6%
Çatalpinar
6%
Çatalzeyti̇n
6%
Çavdarhi̇sar
6%
Çavdir
6%
Çay
6%
Çaybaşi
6%
Çaycuma
6%
Çayeli̇
6%
Çayiralan
6%
Çayirli
6%
Çayirova
6%
Çaykara
6%
Çekerek
6%
Çekmeköy
6%
Çelebi̇
6%
Çeli̇khan
6%
Çelti̇k
6%
Çelti̇kçi̇
6%
Çemi̇şgezek
6%
Çerkeş
6%
Çerkezköy
6%
Çermi̇k
6%
Çeşme
6%
Ceyhan
6%
Ceylanpinar
6%
Çi̇çekdaği
6%
Ci̇de
6%
Çi̇fteler
6%
Çi̇ftli̇k
6%
Çi̇ftli̇kköy
6%
Çi̇ğli̇
6%
Ci̇hanbeyli̇
6%
Çildir
6%
Çi̇li̇mli̇
6%
Çinar
6%
Çinarcik
6%
Çi̇ne
6%
Çi̇vri̇l
6%
Ci̇zre
6%
Çobanlar
6%
Çorum
6%
Çubuk
6%
Çukurca
6%
Çukurova
6%
Cumayeri̇
6%
Çumra
6%
Çüngüş
6%
Daday
6%
Dalaman
6%
Damal
6%
Darende
6%
Dargeçi̇t
6%
Darica
6%
Datça
6%
Dazkiri
6%
Defne
6%
Deli̇ce
6%
Demi̇rci̇
6%
Demi̇rköy
6%
Demi̇rözü
6%
Demre
6%
Derbent
6%
Derebucak
6%
Dereci̇k
6%
Dereli̇
6%
Derepazari
6%
Deri̇k
6%
Deri̇nce
6%
Deri̇nkuyu
6%
Dernekpazari
6%
Develi̇
6%
Devrek
6%
Devrekâni̇
6%
Di̇cle
6%
Di̇di̇m
6%
Di̇gor
6%
Di̇ki̇li̇
6%
Di̇kmen
6%
Di̇lovasi
6%
Di̇nar
6%
Di̇vri̇ği̇
6%
Di̇yadi̇n
6%
Dodurga
6%
Doğanhi̇sar
6%
Doğankent
6%
Doğanşar
6%
Doğanşehi̇r
6%
Doğanyol
6%
Doğanyurt
6%
Doğubayazit
6%
Domani̇ç
6%
Dörtdi̇van
6%
Dörtyol
6%
Döşemealti
6%
Dulkadi̇roğlu
6%
Dumlupinar
6%
Durağan
6%
Dursunbey
6%
Düzce
6%
Düzi̇çi̇
6%
Düzköy
6%
Eceabat
6%
Edirne
6%
Edremi̇t
6%
Edremi̇t
6%
Efeler
6%
Eflani̇
6%
Eği̇l
6%
Eği̇rdi̇r
6%
Eki̇nözü
6%
Elaziğ
6%
Elbeyli̇
6%
Elbi̇stan
6%
Eldi̇van
6%
Eleşki̇rt
6%
Elmadağ
6%
Elmali
6%
Emet
6%
Emi̇rdağ
6%
Emi̇rgazi̇
6%
Enez
6%
Erbaa
6%
Erci̇ş
6%
Erdek
6%
Erdemli̇
6%
Ereğli̇
6%
Ereğli̇
6%
Erenler
6%
Erfelek
6%
Ergani̇
6%
Ergene
6%
Ermenek
6%
Eruh
6%
Erzi̇n
6%
Erzincan
6%
Esenler
6%
Esenyurt
6%
Eski̇l
6%
Eski̇pazar
6%
Eşme
6%
Espi̇ye
6%
Eti̇mesgut
6%
Evci̇ler
6%
Evren
6%
Eynesi̇l
6%
Eyüpsultan
6%
Eyyübi̇ye
6%
Ezi̇ne
6%
Fati̇h
6%
Fatsa
6%
Feke
6%
Felahi̇ye
6%
Feri̇zli̇
6%
Fethi̇ye
6%
Findikli
6%
Fi̇ni̇ke
6%
Foça
6%
Gazi̇emi̇r
6%
Gazi̇ Osmanpaşa
6%
Gazi̇paşa
6%
Gebze
6%
Gedi̇z
6%
Gelendost
6%
Gemerek
6%
Gemli̇k
6%
Genç
6%
Gercüş
6%
Gerede
6%
Gerger
6%
Germenci̇k
6%
Gerze
6%
Gevaş
6%
Geyve
6%
Giresun
6%
Gökçeada
6%
Gökçebey
6%
Göksun
6%
Gölbaşi
6%
Gölbaşi
6%
Gölcük
6%
Göle
6%
Gölhi̇sar
6%
Gölköy
6%
Gölmarmara
6%
Gölova
6%
Gölpazari
6%
Gölyaka
6%
Gömeç
6%
Gönen
6%
Gönen
6%
Gördes
6%
Görele
6%
Göynücek
6%
Göynük
6%
Güce
6%
Güçlükonak
6%
Güdül
6%
Gülağaç
6%
Gülnar
6%
Gülşehi̇r
6%
Gülyali
6%
Gümüşhaciköy
6%
Gümüşhane
6%
Gümüşova
6%
Gündoğmuş
6%
Güney
6%
Güneysinir
6%
Güneysu
6%
Güngören
6%
Günyüzü
6%
Gürgentepe
6%
Güroymak
6%
Gürpinar
6%
Gürsu
6%
Gürün
6%
Güzelbahçe
6%
Güzelyurt
6%
Hacibektaş
6%
Hacilar
6%
Hadi̇m
6%
Hafi̇k
6%
Hakkari
6%
Halfeti̇
6%
Hali̇li̇ye
6%
Halkapinar
6%
Hamamözü
6%
Hamur
6%
Han
6%
Hanak
6%
Hani̇
6%
Hanönü
6%
Harmancik
6%
Harran
6%
Hasanbeyli̇
6%
Hasankeyf
6%
Hasköy
6%
Hassa
6%
Havran
6%
Havsa
6%
Havza
6%
Haymana
6%
Hayrabolu
6%
Hayrat
6%
Hazro
6%
Heki̇mhan
6%
Hemşi̇n
6%
Hendek
6%
Hi̇lvan
6%
Hinis
6%
Hi̇sarcik
6%
Hi̇zan
6%
Hocalar
6%
Honaz
6%
Hopa
6%
Horasan
6%
Hozat
6%
Hüyük
6%
İbradi
6%
İdi̇l
6%
Iğdir
6%
İhsangazi̇
6%
İhsani̇ye
6%
İki̇zce
6%
İki̇zdere
6%
Ilgaz
6%
Ilgin
6%
İli̇ç
6%
İlkadim
6%
İmamoğlu
6%
İmranli
6%
İncesu
6%
İnci̇rli̇ova
6%
İnebolu
6%
İnegöl
6%
İnhi̇sar
6%
İnönü
6%
İpekyolu
6%
İpsala
6%
İscehi̇sar
6%
Söğüt
6%
Söğütlü
6%
Söke
6%
Solhan
6%
Soma
6%
Sorgun
6%
Şuhut
6%
Sulakyurt
6%
Süloğlu
6%
Sultandaği
6%
Sultangazi̇
6%
Sultanhani
6%
Sultanhi̇sar
6%
Suluova
6%
Sulusaray
6%
Sumbas
6%
Sungurlu
6%
Sur
6%
Sürmene
6%
Suruç
6%
Suşehri̇
6%
Susurluk
6%
Susuz
6%
Sütçüler
6%
Talas
6%
Tarakli
6%
Tarsus
6%
Taşkent
6%
Taşköprü
6%
Taşliçay
6%
Taşova
6%
Tatvan
6%
Tavas
6%
Tavşanli
6%
Tefenni̇
6%
Tekkeköy
6%
Tekman
6%
Tepebaşi
6%
Tercan
6%
Termal
6%
Terme
6%
Ti̇llo
6%
Ti̇re
6%
Ti̇rebolu
6%
Tokat
6%
Tomarza
6%
Tonya
6%
Toprakkale
6%
Torbali
6%
Toroslar
6%
Tortum
6%
Torul
6%
Tosya
6%
Tufanbeyli̇
6%
Tunceli
6%
Turgutlu
6%
Turhal
6%
Türkeli̇
6%
Türkoğlu
6%
Tuşba
6%
Tut
6%
Tutak
6%
Tuzla
6%
Tuzluca
6%
Tuzlukçu
6%
Uğurludağ
6%
Ula
6%
Ulaş
6%
Ulubey
6%
Ulubey
6%
Uluborlu
6%
Uludere
6%
Ulukişla
6%
Ulus
6%
Ümrani̇ye
6%
Ünye
6%
Ürgüp
6%
Urla
6%
Uşak
6%
Üsküdar
6%
Üzümlü
6%
Uzundere
6%
Uzunköprü
6%
Vakfikebi̇r
6%
Varto
6%
Vezi̇rköprü
6%
Vi̇ranşehi̇r
6%
Vi̇ze
6%
Yağlidere
6%
Yahşi̇han
6%
Yahyali
6%
Yakakent
6%
Yakuti̇ye
6%
Yalihüyük
6%
Yalova
6%
Yalvaç
6%
Yaprakli
6%
Yatağan
6%
Yavuzeli̇
6%
Yayladaği
6%
Yayladere
6%
Yazihan
6%
Yedi̇su
6%
Yeni̇çağa
6%
Yeni̇ce
6%
Yeni̇ce
6%
Yeni̇fakili
6%
Yeni̇mahalle
6%
Yeni̇pazar
6%
Yeni̇pazar
6%
Yeni̇şarbademli̇
6%
Yeni̇şehi̇r
6%
Yeni̇şehi̇r
6%
Yeni̇şehi̇r
6%
Yerköy
6%
Yeşi̇lhi̇sar
6%
Yeşi̇lli̇
6%
Yeşi̇lova
6%
Yeşi̇lyurt
6%
Yeşi̇lyurt
6%
Yiğilca
6%
Yildirim
6%
Yildizeli̇
6%
Yomra
6%
Yozgat
6%
Yüksekova
6%
Yumurtalik
6%
Yunak
6%
Yunusemre
6%
Yüreği̇r
6%
Yusufeli̇
6%
Zara
6%
Zeyti̇nburnu
6%
Zi̇le
6%
Zonguldak
6%
No matching quizzes found
Score Distribution
Percent of People with Each Score
Percentile by Number Answered
Your Score History
You have not taken this quiz